|
|
|
|
| LEADER |
00000cam a2200000 a 4500 |
| 001 |
UCC2817 |
| 003 |
CL-VaPUC |
| 008 |
180323e20160000sp |||||||||||||||||spa|d |
| 020 |
|
|
|a 9788490999066
|
| 082 |
0 |
4 |
|a 658.408
|b ENS
|2 21
|
| 100 |
0 |
|
|a Enseñat de Carlos, Sylvia
|e author
|9 596830
|
| 245 |
1 |
0 |
|a Manual de Compliance Officer: guía práctica para los responsables de Compliance de habla hispana
|
| 250 |
|
|
|a 1a. ed
|
| 300 |
|
|
|a 207 p
|
| 942 |
|
|
|c BK
|
| 945 |
|
|
|d 20180323 15:33:00
|a dcastane
|
| 260 |
|
|
|a Pamplona
|b Aranzadi
|c 2016
|
| 650 |
|
7 |
|a GESTION DEL PERSONAL
|2 CL-VaPUC
|9 463738
|
| 650 |
|
0 |
|a Gestión administrativa
|9 375217
|
| 650 |
|
0 |
|a Responsabilidad social empresarial
|9 525230
|
| 650 |
|
0 |
|a Toma de decisiones
|9 257530
|
| 583 |
|
|
|a last modification
|c 20180323 15:33:00
|k Rodrigo Vera
|
| 999 |
|
|
|c 370758
|d 370756
|
| 952 |
|
|
|0 0
|1 0
|3 erb
|4 0
|6 658_408000000000000_ENS_2016
|7 0
|8 A
|9 487397
|a BIBDER
|b BIBDER
|i 5459435
|l 11
|m 5
|o 658.408 ENS 2016
|p 5459435
|r 2023-05-30
|s 2023-05-30
|w 2019-11-24
|y BK
|z Catalogado en:20180323
|k DER
|